Statistics: A First Course (Record no. 4569)

MARC details
005 - DATE AND TIME OF LATEST TRANSACTION
control field 20250623061303.0
020 ## - INTERNATIONAL STANDARD BOOK NUMBER
International Standard Book Number 978-0-07-229547-3
082 ## - DEWEY DECIMAL CLASSIFICATION NUMBER
Classification number 519.5 SAN
100 ## - MAIN ENTRY--PERSONAL NAME
Author name SANDERS, D.H.
245 ## - TITLE STATEMENT
Title Statistics: A First Course
250 ## - EDITION STATEMENT
Edition statement 6th Ed.
260 ## - PUBLICATION, DISTRIBUTION, ETC.
Place of publication, distribution, etc. NewYork,
Name of publisher, distributor, etc. McGraw-Hill Companies,
Date of publication, distribution, etc. 2000
300 ## - PHYSICAL DESCRIPTION
Extent xi,664p.:ill.;figures, tables
Other physical details Appendix and Index
Dimensions 27cm
700 ## - ADDED ENTRY--PERSONAL NAME
Other authors/Editors Smidt, Robert K.
942 ## - ADDED ENTRY ELEMENTS (KOHA)
Source of classification or shelving scheme Dewey Decimal Classification
Koha item type Books
Holdings
Date last seen Total checkouts Full call number Barcode Cost, replacement price Price effective from Koha item type Lost status Source of classification or shelving scheme Damaged status Not for loan Withdrawn status Home library Current library Shelving location Date acquired Source of acquisition Cost, normal purchase price
06/23/2025   519.5 SAN MZA0001741 150000.00 06/23/2025 Books   Dewey Decimal Classification       CBE Mwanza CBE Mwanza General Collection 06/23/2025 Library Budget 50000.00